| 000 | 00982cam a22002651 4500 | ||
|---|---|---|---|
| 001 | e 22000035 | ||
| 003 | DLC | ||
| 005 | 20260227111213.0 | ||
| 008 | 790625s1922 dcu f001 0 eng | ||
| 010 | _ae 22000035 | ||
| 035 | _a(OCoLC)5105431 | ||
| 040 |
_aDLC _cMiAdC _dOCoLC _dDLC |
||
| 042 | _apremarc | ||
| 050 | 0 | 0 |
_aL111 _b.A6 1921, no. 8 |
| 051 |
_aLA209 _b.O8 |
||
| 100 | 1 |
_aOsburn, W. J. _q(Worth James), _d1882-1956. |
|
| 245 | 1 | 0 |
_aForeign criticism of American education, _cby W. J. Osburn of the Department of education of the state of Wisconsin. |
| 260 |
_aWashington, _bGovt. print. off., _c1922. |
||
| 300 |
_a158 p. _c23 cm. |
||
| 490 | 0 |
_a[U.S.] Bureau of education. Bulletin, 1921, _vno. 8 |
|
| 500 | _aAt head of title: Department of the interior. Bureau of education. | ||
| 500 | _aAuthor's doctoral dissertation, Columbia university, 1922, but not published as a thesis. | ||
| 504 | _aBibliography: p. 152-156. | ||
| 650 | 0 |
_aEducation _zUnited States. |
|
| 999 |
_c20497 _d20497 |
||